000 01122nam a22002777a 4500
001 BD-DhSAU
003 BD-DhSAU
005 20240327101414.0
008 150420b2005 bg ||||| m||| 00| 0 eng d
040 _aBD-DhSAU
082 _222
_a630.715
_bAk79
100 _aAKTER, SHARMIN
_eRegistration No. # 15-06531
245 _aAdoption of wheat cultivation technologies by the farmers in gangni upazila of meherpur district /
_bMS thesis
260 _aSher-e-Bangla Agricultural Uniersity :
_bDepartment of Agricultural Extension and Information System;
_c2022.
300 _aviii, 53 p. ;
_c30 cm.
500 _aMS thesis of Department of Agricultural Extension and Information System, Faculty of Agriculture, Sher-e-Bangla Agricultural University, Dhaka, Bangladesh
504 _aIncludes bibliographical reference.
590 _aNazmul
650 _awheat cultivation technologies
650 _afarmers in gangni upazila
651 _ameherpur district
700 _aProf. Dr. Md. Rafiquel Islam
_eSuperviser
700 _aProf. Dr. Ranjan Roy
_eCo-superviser
942 _2ddc
_cTHESIS
999 _c17480
_d17479